Jennie In Every MV - Statistics

General Stats
  • This quiz has been taken 205 times
    153 since last reset
  • The average score is 16 of 21
Answer Stats
Picture Answer % Correct
Boombayah
97%
Ice Cream
93%
like JENNIE
93%
You & Me
89%
ZEN
89%
ExtraL
85%
Pink Venom
83%
How You Like That
79%
Love Hangover
77%
Playing With Fire
75%
Shut Down
75%
Solo
73%
Ddu-Du Ddu-Du
72%
Mantra
68%
Stay
67%
Kill This Love
66%
Lovesick Girls
64%
As If It's Your Last
59%
Spot!
59%
Whistle
57%
Handlebars
48%
No matching quizzes found
Score Distribution
Percent of People with Each Score
Percentile by Number Answered
Your Score History
You have not taken this quiz since the last reset